| 000 | 008410000a22003370004500 | ||
|---|---|---|---|
| 500 | _aBibliography at the end | ||
| 650 | _aGeology | ||
| 650 | _aMeteorology | ||
| 650 | _aHydrology | ||
| 650 | _aTopography | ||
| 650 | _aPetrography | ||
| 650 | _aSedimentary soils | ||
| 650 | _aSoil erosion | ||
| 650 | _aSedimentology | ||
| 650 | _aEarth sciences | ||
| 651 | _aNepal | ||
| 651 | _aRato Khola | ||
| 651 | _aCentral Nepal | ||
| 650 | _aSub-Himalaya | ||
| 082 |
_a551 _bB859g _cD |
||
| 518 | _a980315 | ||
| 530 | _aDis | ||
| 100 | _aBudhathoki, Rajesh Kumar | ||
| 245 | _aGeology of the Rato Khola area sub-Himalaya, Central Nepal | ||
| 260 | _aKathmandu, Nepal | ||
| 502 |
_aDissertation _bDegree in Geology, Tribhuvan University |
||
| 260 | _c1997 | ||
| 041 | _aEng | ||
| 300 |
_a79p. _billus |
||
| 942 | _cGEN | ||
| 999 |
_c13619 _d13619 |
||